[Event "IIFL Wealth  4th Mumbai Junior U-13"]
[Site "Mumbai"]
[Date "2018.12.30"]
[Round "1"]
[White "Sara Mody"]
[Black "Vedant Nitin vekhande"]
[Result "0-1"]
[WhiteElo "1060"]
[BlackElo "1564"]
[Annotator "NA"]
[PlyCount "144"]
[EventDate "2018.12.30"]
[EventType "swiss"]
[EventCountry "IND"]
[SourceTitle "playchess.com"]
[Source "ChessBase"]
[SourceQuality "1"]

1. e4 c5 2. Nf3 d6 3. d4 cxd4 4. Nxd4 Nf6 5. Nc3 g6 6. Be3 Bg7 7. Bc4 O-O 8. Qd2 Ng4 9. O-O-O Nxe3 10. Qxe3 Nc6 11. Nde2 Ne5 12. Bb3 Bd7 13. h3 a6 14. f4 Nc6 15. Kb1 b5 16. a3 Na5 17. Ba2 Nc4 18. Qf3 Bc6 19. h4 Qb6 20. h5 Qe3 21. Bxc4 Qxf3 22. gxf3 bxc4 23. Nd5 Ra7 24. h6 Bh8 25. Rhg1 Rb8 26. c3 Rab7 27. Rd2 Bxd5 28. exd5 e6 29. dxe6 fxe6 30. Rg2 d5 31. Nd4 Bxd4 32. Rxd4 Rf8 33. Rg5 Rbf7 34. f5 Rxf5 35. Rxf5 Rxf5 36. f4 Rh5 37. Rd1 Rxh6 38. Re1 Kf7 39. Kc2 Rh2+ 40. Kd1 Rxb2 41. Re2 Rb3 42. Rc2 Rxa3 43. Kd2 Rb3 44. Ra2 Rb6 45. Ke3 Kf6 46. Kd4 Kf5 47. Kc5 Rb3 48. Kd4 Rb6 49. Kc5 Rb5+ 50. Kd6 a5 51. Kc6 Rb3 52. Rxa5 Rxc3 53. Rc5 Kxf4 54. Kd7 Re3 55. Kd6 c3 56. Rc7 h5 57. Rf7+ Kg4 58. Rf1 d4 59. Rg1+ Rg3 60. Re1 d3 61. Rxe6 g5 62. Re4+ Kf3 63. Ke5 d2 64. Rd4 Ke2 65. Kf6 d1=Q 66. Rxd1 Kxd1 67. Kg7 c2 68. Kh8 c1=Q 69. Kh7 Qc6 70. Kh8 Qd7 71. Kg8 Re3 72. Kf8 Re8# 0-1

[Event "IIFL Wealth  4th Mumbai Junior U-13"]
[Site "Mumbai"]
[Date "2018.12.30"]
[Round "1"]
[White "Sapre Vedang"]
[Black "Bharadia Yash"]
[Result "0-1"]
[WhiteElo "1049"]
[BlackElo "1559"]
[Annotator "NA"]
[PlyCount "102"]
[EventDate "2018.12.30"]
[EventType "swiss"]
[EventCountry "IND"]
[SourceTitle "playchess.com"]
[Source "ChessBase"]
[SourceQuality "1"]

1. e4 e5 2. Nf3 Nc6 3. Bc4 Bc5 4. Nc3 Nf6 5. d3 d6 6. Bg5 Be6 7. Bb3 h6 8. Be3 Bb6 9. Qd2 Qd7 10. h3 d5 11. exd5 Nxd5 12. Nxd5 Bxd5 13. Bxd5 Qxd5 14. O-O O-O 15. Rfe1 Rad8 16. Bxb6 axb6 17. Qc3 Rfe8 18. Qb3 Qd6 19. Re2 Re6 20. Rae1 Rde8 21. Qc3 Qd5 22. Qb3 Qc5 23. Qc3 Qxc3 24. bxc3 R6e7 25. d4 e4 26. Nd2 f5 27. Re3 Ra8 28. Ra1 Ra3 29. d5 Na5 30. f3 Rd7 31. fxe4 fxe4 32. Rxe4 Rxc3 33. Nb3 Rxc2 34. Re8+ Kh7 35. Rb8 Nxb3 36. axb3 Rxd5 37. Rxb7 Rdd2 38. g4 Rg2+ 39. Kf1 Rh2 40. Kg1 Rxh3 41. Raa7 Rxb3 42. Ra1 Rg3+ 43. Kf1 Rxg4 44. Raa7 Rb4 45. Ra1 h5 46. Rb8 h4 47. Re8 h3 48. Kg1 Rbb2 49. Kh1 Rh2+ 50. Kg1 Rbg2+ 51. Kf1 Rh1# 0-1

[Event "IIFL Wealth  4th Mumbai Junior U-13"]
[Site "Mumbai"]
[Date "2018.12.30"]
[Round "1"]
[White "Shah Hiya"]
[Black "Bajaj Prakhar"]
[Result "0-1"]
[WhiteElo "1039"]
[BlackElo "1551"]
[Annotator "NA"]
[PlyCount "84"]
[EventDate "2018.12.30"]
[EventType "swiss"]
[EventCountry "IND"]
[SourceTitle "playchess.com"]
[Source "ChessBase"]
[SourceQuality "1"]

1. d4 d5 2. c4 e6 3. Nc3 Nf6 4. Bg5 Be7 5. Nf3 Nbd7 6. cxd5 exd5 7. e3 h6 8. Bh4 c6 9. Bd3 O-O 10. O-O Ne4 11. Bxe7 Qxe7 12. Qc2 f5 13. Rfe1 Ndf6 14. Ne5 Nd7 15. Ng6 Qg5 16. Nxf8 Nxf8 17. Qb3 Kh8 18. Rac1 Ng6 19. f4 Qf6 20. Rc2 Nh4 21. Rec1 Qg6 22. g3 Nxg3 23. hxg3 Qxg3+ 24. Kf1 Qf3+ 25. Ke1 Qxe3+ 26. Ne2 Nf3+ 27. Kd1 Nxd4 28. Nxd4 Qxd4 29. Rg2 c5 30. Qb5 Be6 31. Rxc5 a6 32. Qxb7 Qxd3+ 33. Ke1 Rg8 34. Re2 Qg3+ 35. Kd2 Qxf4+ 36. Kc2 Qf3 37. Rxe6 Qf2+ 38. Kb3 Qxc5 39. Qf7 Rb8+ 40. Qb7 Rxb7+ 41. Rb6 Rxb6+ 42. Ka4 Qb4# 0-1

[Event "IIFL Wealth  4th Mumbai Junior U-13"]
[Site "Mumbai"]
[Date "2018.12.30"]
[Round "1"]
[White "Kapadia Prisha"]
[Black "Rajbeer Ahmed"]
[Result "0-1"]
[WhiteElo "1037"]
[BlackElo "1550"]
[Annotator "NA"]
[PlyCount "116"]
[EventDate "2018.12.30"]
[EventType "swiss"]
[EventCountry "IND"]
[SourceTitle "playchess.com"]
[Source "ChessBase"]
[SourceQuality "1"]

1. d4 d5 2. Nf3 Nf6 3. g3 g6 4. Bg2 Bg7 5. O-O O-O 6. b3 Nbd7 7. Bb2 c6 8. Nbd2 Re8 9. c4 a5 10. e3 a4 11. Qc2 Nf8 12. Ne5 a3 13. Bc3 Ng4 14. Ndf3 Nxe5 15. Nxe5 Bxe5 16. dxe5 dxc4 17. Rfd1 Qc7 18. bxc4 Be6 19. Qe2 Ra4 20. c5 Nd7 21. f4 Nxc5 22. Bd4 Nd7 23. Rac1 Rea8 24. g4 Rd8 25. h3 Nb6 26. Bxb6 Qxb6 27. Rxd8+ Qxd8 28. Rd1 Qb6 29. Qf2 Rb4 30. Kh2 Rb2 31. Rd2 Bxa2 32. Be4 Rxd2 33. Qxd2 Qb2 34. Qxb2 axb2 35. f5 b1=Q 36. Bxb1 Bxb1 37. fxg6 fxg6 38. Kg3 b5 39. Kf2 b4 40. Ke2 Bc2 41. Kd2 b3 42. Kc3 c5 43. h4 c4 44. Kb2 Kf7 45. h5 gxh5 46. gxh5 Bd1 47. h6 Kg6 48. e6 Kxh6 49. e4 Kg5 50. Kc3 h5 51. Kb2 h4 52. e5 h3 53. Kc3 h2 54. Kb2 h1=Q 55. Kc3 Qf3+ 56. Kxc4 b2 57. Kc5 b1=Q 58. Kd4 Qb4# 0-1

[Event "IIFL Wealth  4th Mumbai Junior U-13"]
[Site "Mumbai"]
[Date "2018.12.30"]
[Round "1"]
[White "Vihaan Dumir"]
[Black "Nehete Arnav"]
[Result "0-1"]
[WhiteElo "1013"]
[BlackElo "1544"]
[Annotator "NA RC"]
[PlyCount "68"]
[EventDate "2018.12.30"]
[EventType "swiss"]
[EventCountry "IND"]
[SourceTitle "playchess.com"]
[Source "ChessBase"]
[SourceQuality "1"]

1. c4 e5 2. g3 Nf6 3. Nc3 Nc6 4. Bg2 Bc5 5. Nf3 d6 6. O-O O-O 7. d3 h6 8. a3 a5 9. Nd2 Nd4 10. Nce4 Nxe4 11. Nxe4 Bg4 12. Re1 Bb6 13. Be3 f5 14. Nc3 c6 15. h3 Bh5 16. Na4 Ba7 17. b4 f4 18. Bxd4 Bxd4 19. g4 Bxa1 20. Qxa1 Bg6 21. b5 Be8 22. Qa2 Kh8 23. b6 Bf7 24. Qc2 h5 25. f3 d5 26. Nc5 Qxb6 27. cxd5 cxd5 28. Rb1 Qc6 29. Rxb7 Rac8 30. d4 Qxb7 31. Qf5 Qe7 32. Nd7 g6 33. Qxe5+ Qxe5 34. Nxe5 Rce8 0-1

[Event "IIFL Wealth  4th Mumbai Junior U-13"]
[Site "Mumbai"]
[Date "2018.12.30"]
[Round "1"]
[White "Vittanala Shanmuk Saish"]
[Black "Rushyendra Chowdary Kantipudi"]
[Result "0-1"]
[WhiteElo "1005"]
[BlackElo "1527"]
[Annotator "NA RC"]
[PlyCount "52"]
[EventDate "2018.12.30"]
[EventType "swiss"]
[EventCountry "IND"]
[SourceTitle "playchess.com"]
[Source "ChessBase"]
[SourceQuality "1"]

1. e4 c5 2. Nf3 d6 3. d4 cxd4 4. Qxd4 Nc6 5. Bb5 Bd7 6. Bxc6 Bxc6 7. Nc3 Nf6 8. Bg5 e6 9. O-O-O Be7 10. Rhe1 O-O 11. Kb1 Rc8 12. e5 dxe5 13. Qh4 Qc7 14. Nxe5 b5 15. Nxc6 Qxc6 16. Qg3 b4 17. Bh6 Nh5 18. Qg4 bxc3 19. Qxh5 cxb2 20. Qe2 gxh6 21. Qg4+ Bg5 22. Qe2 Rcd8 23. Kxb2 Qb6+ 24. Kc3 Bf6+ 25. Kc4 Rd4+ 26. Kc3 Qb4# 0-1

[Event "IIFL Wealth  4th Mumbai Junior U-13"]
[Site "Mumbai"]
[Date "2018.12.31"]
[Round "2"]
[White "Gukesh D"]
[Black "Shrey Nilkant"]
[Result "1-0"]
[WhiteElo "2466"]
[BlackElo "1466"]
[Annotator "TA"]
[PlyCount "49"]
[EventDate "2018.12.30"]
[EventType "swiss"]
[EventCountry "IND"]
[SourceTitle "playchess.com"]
[Source "ChessBase"]
[SourceQuality "1"]

1. Nf3 d5 2. g3 c6 3. Bg2 Bg4 4. O-O Nd7 5. d3 Ngf6 6. h3 Bh5 7. Qe1 e5 8. e4 Bd6 9. exd5 Nxd5 10. Nxe5 Nxe5 11. d4 O-O 12. dxe5 Re8 13. f4 f6 14. e6 f5 15. Bd2 Qb6+ 16. Kh1 Qxb2 17. Nc3 Nxc3 18. Bxc3 Qxc2 19. Rf2 Qa4 20. Rd2 Rad8 21. Rb1 Qc4 22. Rxd6 Rxd6 23. Qe5 Re7 24. Qxd6 Rxe6 25. Qd7 1-0

[Event "IIFL Wealth  4th Mumbai Junior U-13"]
[Site "Mumbai"]
[Date "2018.12.31"]
[Round "2"]
[White "Pranav Vijay"]
[Black "Nanal Arnav"]
[Result "1-0"]
[WhiteElo "2265"]
[BlackElo "1456"]
[Annotator "NA"]
[PlyCount "215"]
[EventDate "2018.12.30"]
[EventType "swiss"]
[EventCountry "IND"]
[SourceTitle "playchess.com"]
[Source "ChessBase"]
[SourceQuality "1"]

1. e4 c6 2. Nc3 d5 3. Qe2 d4 4. Nd1 e5 5. g3 Nf6 6. Bg2 Bg4 7. Nf3 Nbd7 8. h3 Bh5 9. d3 Be7 10. O-O O-O 11. g4 Bg6 12. Nh4 Ne8 13. Nxg6 fxg6 14. f4 Nc7 15. f5 g5 16. Bf3 h6 17. Bd2 a5 18. Qh2 Na6 19. Nf2 Nc7 20. Kg2 Ne8 21. c3 c5 22. Rac1 Nd6 23. Rc2 a4 24. Rfc1 Nb5 25. Be2 b6 26. Nh1 Kh8 27. Ng3 Nf6 28. c4 Nd6 29. Bf3 Nf7 30. Nf1 Qd7 31. Qg3 Rfb8 32. Be1 Qd8 33. Nd2 Ra7 34. Be2 Rd7 35. Rd1 Nh7 36. Nf3 Bf6 37. Rb1 Ra7 38. Bd1 Rba8 39. Rf2 Qe7 40. Bc2 Qd8 41. Bd2 Qe7 42. Rh1 Qd8 43. h4 Qe7 44. Kf1 Kg8 45. Rfh2 Qd6 46. Ke2 Rd8 47. Rb1 Rda8 48. b4 Rb8 49. Rhh1 Qd8 50. bxc5 bxc5 51. Rxb8 Qxb8 52. Rb1 Qd8 53. h5 Nf8 54. Qe1 Nd6 55. Qd1 Qa8 56. Rb6 Nc8 57. Rb5 Nd7 58. a3 Nd6 59. Rb2 Bd8 60. Qb1 Bf6 61. Be1 Kh7 62. Bg3 Ra6 63. Kf2 Ra5 64. Kg2 Ra6 65. Kf2 Ra5 66. Qh1 Ra6 67. Ke2 Ra5 68. Ng1 Ra7 69. Nh3 Ra6 70. Qb1 Ra5 71. Nf2 Ra7 72. Nd1 Ra6 73. Be1 Ra7 74. Bd2 Ra6 75. Qa2 Ra7 76. Rb1 Ra6 77. Nb2 Nb6 78. Kf3 Qa7 79. Nd1 Nd7 80. Rb2 Qa8 81. Qb1 Ra7 82. Nf2 Ra6 83. Nh3 Ra7 84. Qc1 Nf7 85. Bb1 Ra6 86. Ba2 Qd8 87. Qe1 Nd6 88. Nf2 Qa8 89. Nd1 Ra7 90. Nf2 Ra6 91. Qc1 Ra7 92. Nh3 Qd8 93. Rb5 Nxb5 94. cxb5 Rb7 95. Qc4 Qb8 96. Qf7 Rxb5 97. Bxg5 Bxg5 98. Nxg5+ hxg5 99. h6 Qf8 100. Qg6+ Kh8 101. hxg7+ Qxg7 102. Qh5+ Qh7 103. Qe8+ Kg7 104. Qxd7+ Kh8 105. Qe8+ Kg7 106. Qe7+ Kh6 107. Qf6+ Qg6 108. Qxg6# 1-0

[Event "IIFL Wealth  4th Mumbai Junior U-13"]
[Site "Mumbai"]
[Date "2018.12.31"]
[Round "2"]
[White "Divya Deshmukh"]
[Black "Sairaj Dilip Vernekar"]
[Result "1-0"]
[WhiteElo "2190"]
[BlackElo "1445"]
[Annotator "TA"]
[PlyCount "153"]
[EventDate "2018.12.30"]
[EventType "swiss"]
[EventCountry "IND"]
[SourceTitle "playchess.com"]
[Source "ChessBase"]
[SourceQuality "1"]

1. e4 c5 2. Nf3 e6 3. d4 cxd4 4. Nxd4 a6 5. Bd3 b5 6. O-O Bb7 7. Qe2 Nf6 8. a4 bxa4 9. Rxa4 Be7 10. Nc3 d6 11. Be3 O-O 12. f4 Nbd7 13. Nb3 Nc5 14. Bxc5 dxc5 15. Na5 Qb6 16. Nc4 Qc7 17. f5 exf5 18. Rxf5 Bc8 19. e5 Bxf5 20. Bxf5 Ne8 21. Bxh7+ Kxh7 22. Qe4+ g6 23. Qxa8 Qd7 24. Qd5 Qf5 25. Ne3 Qg5 26. Qf3 Qxe5 27. Re4 Qf6 28. Qh3+ Kg7 29. Ncd5 Qxb2 30. Nxe7 Qc1+ 31. Kf2 Qd2+ 32. Kf3 f5 33. Rh4 Nf6 34. Rh6 Ne4 35. Rh7+ Kf6 36. N7d5+ Ke6 37. Nf4+ Kf6 38. Nfd5+ Ke6 39. Re7+ Kd6 40. Nc4+ Kxd5 41. Nxd2 Ng5+ 42. Kf4 Nxh3+ 43. gxh3 Ra8 44. Re5+ Kd4 45. Nb3+ Kc3 46. Rxc5+ Kb2 47. Nd2 Kc1 48. Nb3+ Kb2 49. Na5 Kc1 50. c4 Kd2 51. Rd5+ Kc3 52. c5 Kb4 53. c6 Rc8 54. Ke5 Ka4 55. Kd6 f4 56. Nc4 Kb4 57. Nb6 Rf8 58. c7 f3 59. c8=Q Rxc8 60. Nxc8 f2 61. Rd4+ Kb3 62. Rf4 a5 63. Nb6 g5 64. Rxf2 a4 65. Nxa4 Kxa4 66. Rg2 Kb4 67. Rxg5 Kc4 68. h4 Kd4 69. h5 Ke4 70. h6 Kf4 71. h4 Ke4 72. h7 Kf4 73. h8=Q Ke4 74. Qe5+ Kd3 75. Rg3+ Kc2 76. Qe2+ Kc1 77. Rg1# 1-0

[Event "IIFL Wealth  4th Mumbai Junior U-13"]
[Site "Mumbai"]
[Date "2018.12.31"]
[Round "2"]
[White "Pranesh M"]
[Black "Athalye Varad"]
[Result "1-0"]
[WhiteElo "2125"]
[BlackElo "1442"]
[Annotator "TA"]
[PlyCount "91"]
[EventDate "2018.12.30"]
[EventType "swiss"]
[EventCountry "IND"]
[SourceTitle "playchess.com"]
[Source "ChessBase"]
[SourceQuality "1"]

1. e4 c5 2. Nf3 e6 3. Nc3 Nc6 4. g3 Qc7 5. Bg2 Nf6 6. O-O Be7 7. d4 cxd4 8. Nxd4 Bb4 9. Bg5 Bxc3 10. bxc3 h6 11. Bf4 e5 12. Nxc6 dxc6 13. Be3 O-O 14. f4 Ng4 15. Bc5 Rd8 16. Qb1 b5 17. h3 Nf6 18. Qe1 Re8 19. f5 Bb7 20. Qf2 Nd7 21. Be3 c5 22. Rae1 Rac8 23. g4 f6 24. h4 Kf7 25. g5 hxg5 26. hxg5 Rh8 27. Qg3 Rcg8 28. Bf3 c4 29. Qf2 Rh3 30. Bg2 Rh5 31. Qg3 Nc5 32. Qg4 Rhh8 33. Kf2 Na4 34. Rh1 Qe7 35. Rxh8 Rxh8 36. gxf6 gxf6 37. Qg6+ Kf8 38. Rd1 Bc6 39. Bh6+ Rxh6 40. Qxh6+ Kf7 41. Qh7+ Kf8 42. Qh8+ Kf7 43. Bf3 Qc5+ 44. Kg2 Qe3 45. Bh5+ Ke7 46. Qg7# 1-0

[Event "IIFL Wealth  4th Mumbai Junior U-13"]
[Site "Mumbai"]
[Date "2018.12.31"]
[Round "2"]
[White "Tyagi, Kushan"]
[Black "Shreyas Ravindra Patil"]
[Result "0-1"]
[WhiteElo "2042"]
[BlackElo "1110"]
[Annotator "NA"]
[PlyCount "74"]
[EventDate "2018.12.30"]
[EventType "swiss"]
[EventCountry "IND"]
[SourceTitle "playchess.com"]
[Source "ChessBase"]
[SourceQuality "1"]

1. e4 c5 2. Nf3 d6 3. d4 cxd4 4. Nxd4 Nf6 5. Nc3 a6 6. Bc4 e6 7. Bb3 Be7 8. Be3 O-O 9. f3 Nbd7 10. Qd2 Nc5 11. O-O-O b5 12. Kb1 Bb7 13. g4 Rc8 14. h4 b4 15. Na4 Nxb3 16. axb3 d5 17. h5 dxe4 18. g5 Nd5 19. h6 g6 20. Bf4 Nxf4 21. Qxf4 Bxg5 22. Qe5 Qf6 23. Qxf6 Bxf6 24. Nb6 Rcd8 25. Ne2 exf3 26. Nf4 f2 27. Rhf1 Rxd1+ 28. Rxd1 Be5 29. Nxg6 fxg6 30. Nd7 f1=Q 31. Rxf1 Rxf1+ 32. Ka2 Bd4 33. Nb8 a5 34. c3 bxc3 35. bxc3 Bxc3 36. b4 Bd5+ 37. Ka3 Ra1# 0-1

[Event "IIFL Wealth  4th Mumbai Junior U-13"]
[Site "Mumbai"]
[Date "2018.12.31"]
[Round "2"]
[White "Kadam Om Manish"]
[Black "Singh, Arjun Kumar"]
[Result "1-0"]
[WhiteElo "1944"]
[BlackElo "1461"]
[Annotator "NA RC"]
[PlyCount "61"]
[EventDate "2018.12.30"]
[EventType "swiss"]
[EventCountry "IND"]
[SourceTitle "playchess.com"]
[Source "ChessBase"]
[SourceQuality "1"]

1. e4 c5 2. Nf3 e6 3. d4 cxd4 4. Nxd4 a6 5. Nc3 Qc7 6. Bd3 Nf6 7. Nb3 b5 8. a3 Bb7 9. Be3 Be7 10. f4 d6 11. Qe2 Nbd7 12. O-O O-O 13. Rad1 Nc5 14. Nxc5 dxc5 15. e5 Nd5 16. Nxd5 Bxd5 17. c4 Bxc4 18. Bxc4 bxc4 19. Qxc4 Rab8 20. b4 Rfc8 21. Rc1 Rb5 22. Rc2 Qb6 23. Rfc1 a5 24. bxc5 Bxc5 25. Kh1 h6 26. a4 Rb4 27. Qe2 Bxe3 28. Rxc8+ Kh7 29. Qd3+ g6 30. Qd7 Rxf4 31. Qe8 1-0

[Event "IIFL Wealth  4th Mumbai Junior U-13"]
[Site "Mumbai"]
[Date "2018.12.31"]
[Round "2"]
[White "Zia, Tahsin Tajwar"]
[Black "Swara Lakshmi S Nair"]
[Result "1-0"]
[WhiteElo "1925"]
[BlackElo "1415"]
[Annotator "NA"]
[PlyCount "89"]
[EventDate "2018.12.30"]
[EventType "swiss"]
[EventCountry "IND"]
[SourceTitle "playchess.com"]
[Source "ChessBase"]
[SourceQuality "1"]

1. d4 d5 2. Nf3 Nf6 3. Bf4 e6 4. e3 c5 5. Nbd2 Nc6 6. c3 cxd4 7. exd4 Nh5 8. Bg5 f6 9. Be3 Bd6 10. Bd3 f5 11. Ne5 Nf6 12. f4 O-O 13. O-O Bd7 14. a4 a5 15. Nb1 Qe7 16. Na3 Rac8 17. Nb5 Bb8 18. h3 Kh8 19. Qf3 g6 20. Rae1 Rfe8 21. g4 Ne4 22. Bxe4 dxe4 23. Qg3 Qg7 24. Kh1 Nxe5 25. fxe5 Bxb5 26. axb5 Bc7 27. c4 b6 28. Rc1 Rf8 29. Bg5 Bd8 30. Bxd8 Rfxd8 31. gxf5 gxf5 32. Qe3 Qe7 33. Rc3 Rg8 34. b3 Rg6 35. c5 Qb7 36. c6 Qc7 37. Rg1 Rcg8 38. Rcc1 R8g7 39. Rxg6 Rxg6 40. Qf4 Kg7 41. d5 exd5 42. Qxf5 Kg8 43. Rf1 Qe7 44. c7 Qxc7 45. Qf8# 1-0

[Event "IIFL Wealth  4th Mumbai Junior U-13"]
[Site "Mumbai"]
[Date "2018.12.31"]
[Round "2"]
[White "Savitha Shri B"]
[Black "Abhyuday Santhosh"]
[Result "1-0"]
[WhiteElo "1894"]
[BlackElo "1409"]
[Annotator "NA"]
[PlyCount "79"]
[EventDate "2018.12.30"]
[EventType "swiss"]
[EventCountry "IND"]
[SourceTitle "playchess.com"]
[Source "ChessBase"]
[SourceQuality "1"]

1. Nf3 d5 2. g3 Nf6 3. Bg2 e6 4. d4 c5 5. O-O Be7 6. b3 O-O 7. Bb2 Nc6 8. Re1 Ne4 9. Nbd2 Nxd2 10. Qxd2 Bf6 11. Rad1 Qc7 12. c3 cxd4 13. cxd4 b6 14. Rc1 Bb7 15. Ne5 Bxe5 16. dxe5 Qe7 17. e4 d4 18. f4 Rfd8 19. Bf1 Rac8 20. Bc4 Qb4 21. Qf2 d3 22. Bc3 Qc5 23. Qxc5 bxc5 24. Rcd1 d2 25. Re2 Nd4 26. Bxd4 Rxd4 27. Rexd2 Rcd8 28. Rxd4 cxd4 29. Bd3 Rc8 30. Bc4 Bxe4 31. Rxd4 Bb1 32. a4 Bg6 33. b4 Bb1 34. b5 Rc7 35. a5 Bc2 36. Be2 Rb7 37. Bf3 f6 38. Rc4 Rb8 39. Rc7 Bd3 40. Rxg7+ 1-0

[Event "IIFL Wealth  4th Mumbai Junior U-13"]
[Site "Mumbai"]
[Date "2018.12.31"]
[Round "2"]
[White "Potawad Anirudhha"]
[Black "Daakshin Arun"]
[Result "0-1"]
[WhiteElo "1849"]
[BlackElo "1400"]
[Annotator "NA"]
[PlyCount "92"]
[EventDate "2018.12.30"]
[EventType "swiss"]
[EventCountry "IND"]
[SourceTitle "playchess.com"]
[Source "ChessBase"]
[SourceQuality "1"]

1. e4 c5 2. Nf3 d6 3. d4 cxd4 4. Nxd4 Nf6 5. Nc3 a6 6. f3 e5 7. Nb3 Be6 8. Be3 Be7 9. Qd2 Nbd7 10. O-O-O Rc8 11. g4 b5 12. Kb1 Nb6 13. g5 Nh5 14. Na5 Nc4 15. Nxc4 bxc4 16. Nd5 Bxd5 17. Qxd5 Qc7 18. Bh3 Rb8 19. Bg4 g6 20. Bxh5 gxh5 21. f4 Qc8 22. fxe5 Rb5 23. Qd2 c3 24. Qd3 Rxb2+ 25. Ka1 dxe5 26. Qd5 Rb5 27. Qd3 Ba3 28. Rb1 Bb2+ 29. Rxb2 cxb2+ 30. Kb1 O-O 31. Rd1 Qe6 32. h4 Ra5 33. a3 Qe7 34. Ka2 Rb8 35. Rb1 Qe6+ 36. c4 Ra4 37. Qd5 Qxd5 38. exd5 Rxc4 39. Rxb2 Rxb2+ 40. Kxb2 Kf8 41. Kb3 Rxh4 42. Bc5+ Ke8 43. Bd6 Rd4 44. Bxe5 Rxd5 45. Bf4 Rf5 46. Bd2 h4 0-1

[Event "IIFL Wealth  4th Mumbai Junior U-13"]
[Site "Mumbai"]
[Date "2018.12.31"]
[Round "2"]
[White "Krishnan Ritvik"]
[Black "Renganayaki V"]
[Result "1/2-1/2"]
[WhiteElo "1812"]
[BlackElo "1376"]
[Annotator "NA RC"]
[PlyCount "57"]
[EventDate "2018.12.30"]
[EventType "swiss"]
[EventCountry "IND"]
[SourceTitle "playchess.com"]
[Source "ChessBase"]
[SourceQuality "1"]

1. e4 c5 2. Nf3 g6 3. c3 Bg7 4. d4 cxd4 5. cxd4 d5 6. e5 Bg4 7. h3 Bxf3 8. Qxf3 e6 9. Nc3 a6 10. Qd1 Ne7 11. Be2 O-O 12. O-O Nbc6 13. Be3 Nf5 14. Qd2 f6 15. exf6 Qxf6 16. Bd3 Nfxd4 17. Bg5 Qf7 18. f4 b5 19. Rae1 Rae8 20. Bb1 Bf6 21. Bh6 Bg7 22. Bg5 Bf6 23. Bh6 Bg7 24. Bg5 Bf6 25. Bh6 Bg7 26. Bg5 Bf6 27. Bh6 Bg7 28. Bg5 Qd7 29. Qd1 1/2-1/2

[Event "IIFL Wealth  4th Mumbai Junior U-13"]
[Site "Mumbai"]
[Date "2018.12.31"]
[Round "2"]
[White "Barde Om"]
[Black "Vaval Aaditi"]
[Result "1/2-1/2"]
[WhiteElo "1801"]
[BlackElo "1367"]
[Annotator "NA"]
[PlyCount "110"]
[EventDate "2018.12.30"]
[EventType "swiss"]
[EventCountry "IND"]
[SourceTitle "playchess.com"]
[Source "ChessBase"]
[SourceQuality "1"]

1. e4 e5 2. Nf3 Nc6 3. Bc4 Bc5 4. d3 Nf6 5. c3 O-O 6. O-O d6 7. Bg5 h6 8. Bh4 a6 9. Bb3 Ba7 10. h3 g5 11. Bg3 Ne7 12. Nbd2 Ng6 13. Bh2 Bd7 14. Qc2 c5 15. d4 cxd4 16. cxd4 Rc8 17. Qd3 Bb5 18. Bc4 Bxc4 19. Nxc4 b5 20. Ne3 Bb8 21. Nf5 Kh7 22. Qe3 Nh5 23. Rfd1 Qf6 24. Rd2 Ngf4 25. Rad1 Ng7 26. Nxg7 Kxg7 27. dxe5 dxe5 28. Bxf4 gxf4 29. Qe2 Rc4 30. g3 fxg3 31. fxg3 Qg6 32. Qg2 Rxe4 33. Nh4 Qb6+ 34. Kh1 Rc4 35. Nf5+ Kh7 36. Qe2 Qc6+ 37. Kh2 Qg6 38. Rf1 Rg8 39. Qf2 e4 40. Qe3 Qe6 41. Rg2 Rg6 42. b3 Rc8 43. Nd4 Qd5 44. Rf5 Qb7 45. Ne2 Rd8 46. Nf4 Rg5 47. Rxg5 hxg5 48. Ne2 Kg6 49. Qc3 f6 50. Qc2 Rd3 51. Nc1 Rd7 52. Ne2 Rd3 53. Nc1 Rd7 54. Ne2 Rd3 55. Nc1 Rd7 1/2-1/2

[Event "IIFL Wealth  4th Mumbai Junior U-13"]
[Site "Mumbai"]
[Date "2018.12.31"]
[Round "2"]
[White "Adireddy Arjun"]
[Black "Srihari L R"]
[Result "0-1"]
[WhiteElo "1468"]
[BlackElo "2316"]
[Annotator "TA"]
[PlyCount "80"]
[EventDate "2018.12.30"]
[EventType "swiss"]
[EventCountry "IND"]
[SourceTitle "playchess.com"]
[Source "ChessBase"]
[SourceQuality "1"]

1. e4 g6 2. d4 Bg7 3. Nf3 d6 4. Nc3 a6 5. a4 b6 6. Bc4 e6 7. Bf4 Ne7 8. Qd2 h6 9. O-O Bb7 10. Be3 Nd7 11. g3 Nf6 12. d5 Qd7 13. Ne1 exd5 14. exd5 Nf5 15. Ng2 O-O 16. Rae1 Ng4 17. Kh1 Nfxe3 18. fxe3 Bxc3 19. Qxc3 Qxa4 20. Be2 Ne5 21. Qxc7 Bxd5 22. Qxd6 Qe4 23. Rf2 Qxe3 24. Ref1 Qd4 25. Qf6 Nc6 26. Qxd4 Nxd4 27. Bd3 b5 28. Kg1 Ne6 29. Ne3 Bb7 30. Ng4 Ng5 31. h4 Nh3+ 32. Kh2 Nxf2 33. Rxf2 Kg7 34. Ne5 Rae8 35. Nd7 Re1 36. g4 Rfe8 37. Nc5 Bc8 38. g5 hxg5 39. hxg5 R1e5 40. Rg2 Rxc5 0-1

[Event "IIFL Wealth  4th Mumbai Junior U-13"]
[Site "Mumbai"]
[Date "2018.12.31"]
[Round "2"]
[White "Varshita Jain"]
[Black "Aaryan Varshney"]
[Result "0-1"]
[WhiteElo "1461"]
[BlackElo "2200"]
[Annotator "TA"]
[PlyCount "78"]
[EventDate "2018.12.30"]
[EventType "swiss"]
[EventCountry "IND"]
[SourceTitle "playchess.com"]
[Source "ChessBase"]
[SourceQuality "1"]

1. e4 c5 2. Nf3 d6 3. d4 cxd4 4. Nxd4 Nf6 5. Nc3 a6 6. Be2 e5 7. Nf3 Be7 8. Bg5 Nbd7 9. O-O O-O 10. h3 h6 11. Bh4 b5 12. Bxf6 Nxf6 13. a3 Bb7 14. Bd3 Rc8 15. Nd2 Qc7 16. Rc1 Rfd8 17. Ne2 d5 18. exd5 Bxd5 19. Nc3 e4 20. Be2 Qf4 21. g3 Qf5 22. Bg4 Nxg4 23. Qxg4 Qxg4 24. hxg4 Bxa3 25. Nxd5 Rxd5 26. bxa3 Rxd2 27. Rfd1 Rcxc2 28. Rxc2 Rxd1+ 29. Kg2 Rd3 30. Ra2 e3 31. fxe3 Rxe3 32. a4 b4 33. Rc2 Ra3 34. Rc8+ Kh7 35. Rc7 f6 36. Rb7 Rxa4 37. Kf3 a5 38. Ke4 b3+ 39. Kf5 Rb4 0-1

[Event "IIFL Wealth  4th Mumbai Junior U-13"]
[Site "Mumbai"]
[Date "2018.12.31"]
[Round "2"]
[White "Laddha, Yash Jayesh"]
[Black "Nikhil Magizhnan"]
[Result "0-1"]
[WhiteElo "1449"]
[BlackElo "2148"]
[Annotator "TA"]
[PlyCount "106"]
[EventDate "2018.12.30"]
[EventType "swiss"]
[EventCountry "IND"]
[SourceTitle "playchess.com"]
[Source "ChessBase"]
[SourceQuality "1"]

1. d4 Nf6 2. c4 e6 3. Nc3 Bb4 4. Qc2 d5 5. cxd5 exd5 6. e3 O-O 7. Nf3 c5 8. dxc5 Nc6 9. Be2 Bxc5 10. O-O Nb4 11. Qd1 Bf5 12. Bd2 Nc6 13. Na4 Bd6 14. h3 Qe7 15. Nd4 Be4 16. Bf3 Qe5 17. g3 Nxd4 18. exd4 Qxd4 19. Bg2 Bxg2 20. Kxg2 Qe4+ 21. f3 Qg6 22. f4 Rfe8 23. Rf3 Qf5 24. Qb1 Re2+ 25. Rf2 Rxf2+ 26. Kxf2 Ne4+ 27. Kg2 Qg6 28. Qe1 Nxd2 29. Qxd2 Qe4+ 30. Kh2 Qxa4 31. Qxd5 Qc2+ 32. Qg2 Rc8 33. Rf1 Qxg2+ 34. Kxg2 Rc2+ 35. Rf2 Rxf2+ 36. Kxf2 f5 37. Ke3 Bc5+ 38. Ke2 Kf7 39. g4 Kf6 40. b3 g5 41. Kf3 gxf4 42. Kxf4 Bd6+ 43. Kf3 Kg5 44. gxf5 Kxf5 45. a4 a5 46. Ke3 Ke5 47. Kd3 Kd5 48. Kc3 Be5+ 49. Kd3 Kc5 50. Ke4 Bb2 51. Kf5 Kb4 52. Kg5 Kxb3 53. Kh6 Kxa4 0-1

[Event "IIFL Wealth  4th Mumbai Junior U-13"]
[Site "Mumbai"]
[Date "2018.12.31"]
[Round "2"]
[White "Kriti Mayur Patel"]
[Black "Manish Anto Cristiano F"]
[Result "0-1"]
[WhiteElo "1439"]
[BlackElo "2065"]
[Annotator "NA RC"]
[PlyCount "67"]
[EventDate "2018.12.30"]
[EventType "swiss"]
[EventCountry "IND"]
[SourceTitle "playchess.com"]
[Source "ChessBase"]
[SourceQuality "1"]

1. e4 e6 2. d4 d5 3. Nc3 Nf6 4. f4 Nfd7 5. Nf3 c5 6. Be3 Nc6 7. Be2 Be7 8. O-O O-O 9. e5 b6 10. Qd2 f5 11. Ng5 Bxg5 12. fxg5 cxd4 13. Bxd4 Ndxe5 14. Bxe5 Nxe5 15. Rae1 Nf7 16. h4 Nd6 17. Qf4 Bb7 18. h5 Qe7 19. g6 e5 20. Qg3 h6 21. Bd1 Rae8 22. Ne2 Ne4 23. Qd3 Qg5 24. Nc3 Nc5 25. Qh3 a6 26. a3 d4 27. Ne2 f4 28. Kh2 Bc8 29. Qf3 e4 30. Qf2 Qxh5+ 31. Kg1 e3 32. Qf3 Bg4 33. Qc6 f3 34. Qd6 0-1